000 00608nam a2200229 a 4500
999 _c10949
_d10949
001 10949
003 BD-JhCC
005 20190630094802.0
008 190630s2014 bg a|||| |||| 000 0 eng d
020 _a9789848844816
035 _a(BD-JhCC)10949
040 _aBD-JhCC
_dBD-JhCC
041 _aeng
082 _a398.095492
_bFOL 2014
245 _aFolklore of Bangladesh /
_ced. Shamsuzzaman Khan
260 _aDhaka :
_bNalonda,
_c2014.
300 _a439 p. :
_bill.;
_c21 cm.
504 _aIncludes Bibliography
650 _aFolklore
_zBangladesh
700 _aKhan, Shamsuzzaman
942 _2ddc
_cBK